| 000 | 00716nam a2200229 a 4500 | ||
|---|---|---|---|
| 999 |
_c5880 _d5880 |
||
| 001 | 5880 | ||
| 003 | BD-JhCC | ||
| 005 | 20220602134022.0 | ||
| 008 | 171228s2009 bg |||| || | 000 0 ben d | ||
| 035 | _a(BD-JhCC)5880 | ||
| 040 |
_aBD-JhCC _dBD-JhCC |
||
| 041 | _aben | ||
| 082 |
_a297.63 _bAHM 2009 |
||
| 100 | _aআহমদ, চৌধুরী মুশতাক | ||
| 245 |
_aকাহলিল জিবরান দি প্রফেট / _cচৌধুরী মুশতাক আহমদ, |
||
| 260 |
_aঢাকা : _bমাওলা ব্রাদার্স, _c2009. |
||
| 300 |
_a111 p. : _c22 cm. |
||
| 650 | _aMuhammad Prophet | ||
| 650 | _aMuslim | ||
| 942 |
_2ddc _cBK _09 |
||